Тест на общие знания №12 - Statistics

General Stats
  • This quiz has been taken 91 times
  • The average score is 8 of 20
Answer Stats
Вопрос Ответ % Correct
Какое существо Платон описывал как "двуногое существо без перьев"? человек
84%
Какой шрифт используют в книгах, официальных документах, учебных работах, и т.д.? Times New Roman
75%
Какой скандинавский бог также входит в состав команды Мстителей? Тор
71%
Сколько женщин участвовало в первых современных олимпийских играх 1896-го года? 0
64%
Какая французская компания одновременно производит шины и оценивает известные рестораны? Michelin
61%
При какой средневековой пытке тело человека делилось на четыре части? четвертование
58%
Какой бывший рестлер сейчас входит в ТОП-50 самых высокооплачиваемых актёров Голливуда? Дуэйн "Скала" Джонсон
52%
Что, согласно выражению, можно легко испортить при помощи ложки дёгтя? бочка мёда
51%
Какое животное представлял собой Патронус Гарри Поттера? олень
48%
Какая африканская страна со всех сторон окружена другой страной? Лесото
43%
Какая фамилия у Люка, Энакина и Рей? Скайуокер
38%
Какой известный человек родился в Германии, вёл свою деятельность в Швейцарии, ему предлагали стать президентом Израиля, а умер он в США? Альберт Эйнштейн
33%
Какую форму имеют зрачки у осьминога и козы? прямоугольник
33%
Какое вещество созвучно с псевдонимом певицы Натальи Ионовой? глюкоза
32%
В какой видеоигровой серии есть вымышленный город Сити-17? "Half-Life"
23%
Какая существующая по сей день японская компания была основана в 1889-м году и занималась созданием игральных карт ханафуда? Nintendo
17%
Какой американский штат раньше был королевством? Гавайи
14%
Примерами какого географического термина являются Калининградская область для России и штат Аляска для США? полуанклав
13%
Каким животным являлся Густав, не один десяток лет терроризировавший жителей Бурунди? нильский крокодил
13%
Какой религиозный деятель был первым, кто узнал о воскрешении Иисуса Христа? Мария Магдалина
10%
No matching quizzes found
Score Distribution
Percent of People with Each Score
Percentile by Number Answered
Your Score History
You have not taken this quiz